| 000 | 01360nam0a2200337 4500 | ||
|---|---|---|---|
| 001 | RU\NLR\bibl\1862091 | ||
| 005 | 20260406014424.0 | ||
| 010 |
_a978-5-271-38717-3 _bАстрель |
||
| 010 |
_a978-5-4238-0136-6 _bАквариум Принт _92000 |
||
| 021 |
_aRU _b2011-104646 _97493 |
||
| 035 | _a(NLR Aleph) 001851989 | ||
| 090 |
_a2414626 _c2414626 |
||
| 100 | _a20120130d2011 |||y0rusy50 ca | ||
| 101 | 0 | _arus | |
| 102 | _aRU | ||
| 105 | _aa ||||||||| | ||
| 200 | 1 |
_aВсе о шотландской кошке _eскоттиш фолды, страйты, хайленд фолды _fЕ.А. Шевченко |
|
| 205 | _a[2-е изд.] | ||
| 210 |
_aМосква _cАстрель _cАквариум Принт _d2011 [макет 2012] |
||
| 215 |
_a210, [10] с., [2] л. цв. ил. _cил. _d21 |
||
| 225 | 1 | _aВсе о шотландской кошке | |
| 320 | _aБиблиогр.: с. 209-210 | ||
| 606 | 1 |
_aШотландские вислоухие кошки _92248500 _3RU\NLR\auth\661348845 |
|
| 686 | _aП674.39шотландские вислоухие | ||
| 700 | 1 |
_4070 _8rus _7ca _aШевченко _bЕ. А. _cфелинолог _gЕлена Алексеевна _3RU\NLR\auth\77119907 _9102832 |
|
| 801 | 0 |
_aRU _bNLR _c20120130 _gRCR |
|
| 801 | 1 |
_aRU _bNLR _c20120130 |
|
| 942 | _cBOOK | ||
| 980 | _aNB | ||
| 980 | _aNBR | ||